000 01003nac a22002897a 4500
001 BR0301168
003 BR-BrBNA
005 20240105122750.0
008 230509b bl.|||m| |||| 00| 0 por d
040 _aBR-BrBNA
_bpor
_cBiblioteca Nacional de Agricultura
072 _aA50; E14
090 _aA50 BR0301168
110 1 _aEmpresa Brasileira de Pesquisa Agropecuária, Brasília, DF (Brasil)
245 1 _aPRONAPA 2000: Programa Nacional de Pesquisa e Desenvolvimento da Agropecuária
260 3 _aBrasília, DF (Brasil):
_c2001.
300 _a365 p.
490 _aPRONAPA - Empresa Brasileira de Pesquisa Agropecuária (Brazil)
_vno. 26
_xISSN 0102-9312
650 _aPESQUISA AGRÍCOLA
650 _aINSTITUIÇÃO DE PESQUISA
650 _aPLANEJAMENTO ESTRATÉGICO
650 _aADMINISTRAÇÃO DE PESQUISA
650 _aPOLÍTICA DE PESQUISA
650 _aPROJETO DE PESQUISA
650 _aPESQUISADOR
909 _a202312
_bLúcia Elande
_c55
_dLúcia Elande
942 _2AGRIS
_n0
_cMS
999 _c292724
_d292724